| 000 | 00622nam a2200169 a 4500 | ||
|---|---|---|---|
| 008 | 110901s1979 ||||||||||||||||| || u | ||
| 020 | _a0878931996 | ||
| 050 | _aQH 366.2 Fut | ||
| 100 | _aFutuyma, Douglas J., 1942- | ||
| 245 | 1 | 0 |
_aEvolutionary biology _cDouglas J. Futuyma |
| 260 |
_aSunderland, Mass. _bSinauer Associates _c1979 |
||
| 300 | _ax, 565p.: ill | ||
| 350 | _a0.00 | ||
| 650 | 0 | _aEVOLUTION | |
| 650 | 0 | _aBIOLOGY | |
| 995 |
_aMEDICAL LIBRARY OPEN ACCESS _D0.00 _e900793 _FCBU-SCHOOL OF MEDICINE LIBRARY (Ndola) _H1 _I0.00 _jQH 366.2 Fut _M1 _UAVAILABLE _WOct 17, 2011 _y900793 _ZMedical Library Open Access Collection |
||
| 999 |
_c31423 _d31423 |
||